Statistics for EPL Winners by Year

Click here to take the quiz!

General Stats

  • This quiz has been taken 938 times
    (539 since last reset)
  • The average score is 23 of 30

Answer Stats

PointsSeasonWinner% Correct
932021-22Manchester City
100%
992019-20Liverpool
97%
862020-21Manchester City
97%
982018-19Manchester City
96%
1002017-18Manchester City
94%
932016-17Chelsea
92%
812015-16Leicester City
90%
872014-15Chelsea
87%
892012-13Manchester United
84%
862013-14Manchester City
83%
892011-12Manchester City
81%
802010-11Manchester United
81%
902008-09Manchester United
80%
862009-10Chelsea
79%
872007-08Manchester United
79%
892006-07Manchester United
78%
912005-06Chelsea
74%
902003-04Arsenal
71%
952004-05Chelsea
70%
832002-03Manchester United
70%
872001-02Arsenal
65%
802000-01Manchester United
65%
911999-2000Manchester United
64%
791998-99Manchester United
64%
751996-97Manchester United
60%
781997-98Arsenal
58%
821995-96Manchester United
58%
921993-94Manchester United
56%
841992-93Manchester United
55%
891994-95Blackburn Rovers
47%

Score Distribution

Percentile by Number Answered

Percent of People with Each Score

Your Score History

You have not taken this quiz since the last reset